Smrť zmazala nádej starostlivosťou o utečencov splácame dlh komunistickej minulosti našej krajiny

Bibliographic Details
Main Authors: Kampf, Vladimír, 1966- (ain), Čierna, Mária, 1940- (Author, uin)
Format: Article
Language:Slovak
Subjects:

MARC

LEADER 00000nab a2200000 a 4500
001 vtls000683389
003 SK-MaSNL
005 20260303172708.0
008 180206c1999 xo 0 slo
015 |a SNBRB1999/02-04523 
035 |a CLN000035556 
040 |a SNKBUCL  |b slo  |c SNKBUCL  |e AACR2 
041 0 |a slo 
044 |a xo  |c SK 
080 |a 325.14(437.6)  |2 UDC-MRF-SK2 
080 |a 325.254  |2 UDC-MRF-SK2 
100 1 |a Kampf, Vladimír,  |d 1966-  |4 ain  |9 98313 
245 1 0 |a Smrť zmazala nádej  |b starostlivosťou o utečencov splácame dlh komunistickej minulosti našej krajiny  |c Vladimír Kampf, Mária Čierna 
610 1 7 |a Slovensko.  |b Ministerstvo vnútra  |2 snkbucl  |9 158971 
650 0 7 |a utečenci  |x tábory utečenecké  |z Slovensko  |2 snkbucl  |9 863172 
650 0 7 |a utečenecké tábory  |2 snkbucl  |9 83509 
655 7 |a články z novín a časopisov  |2 snkbucl  |9 267496 
700 1 |a Čierna, Mária,  |d 1940-  |4 aut  |4 uin  |9 172576 
773 0 |t Slovenská republika víkend  |g Roč. 6, č. 5/29 (1999), s. 4 
850 |a Slovenská národná knižnica v Martine 
852 |a SNK  |b KIS3GCP 
958 |a RBX 
999 |c 2087939  |d 2089869